[Event "Nago Torbole op-A"]
[Site "Nago Torbole"]
[Date "2010.12.27"]
[Round "3"]
[White "Zanussi, Leandro"]
[Black "Briffault, Philippe"]
[Result "1-0"]
[WhiteElo "1677"]
[BlackElo "1961"]
[PlyCount "77"]
[EventDate "2010.12.26"]
[EventType "swiss"]
[EventRounds "7"]
[EventCountry "ITA"]
[SourceTitle "EXT 2024"]
[Source "ChessBase"]
[SourceDate "2023.10.10"]
[SourceVersion "1"]
[SourceVersionDate "2023.10.10"]
[SourceQuality "1"]

1. e4 Nf6 2. e5 Nd5 3. d4 d6 4. Nf3 Bg4 5. Bc4 e6 6. Bxd5 exd5 7. Bf4 Be7 8. exd6 Bxd6 9. Bxd6 Qxd6 10. Qe2+ Qe7 11. Qxe7+ Kxe7 12. Nbd2 f6 13. 0-0-0 Nd7 14. h3 Bh5 15. g4 Bg6 16. Rde1+ Kf7 17. Nh4 Rae8 18. f4 Be4 19. Nxe4 Rxe4 20. Rxe4 dxe4 21. Re1 Re8 22. Nf5 Nb6 23. Ne3 c6 24. c4 Rd8 25. Rd1 g6 26. b3 Ke6 27. Kc2 f5 28. Kc3 Rd7 29. gxf5+ gxf5 30. Rg1 Rf7 31. Rg5 Nc8 32. d5+ cxd5 33. cxd5+ Kd7 34. Rxf5 Rg7 35. Ng4 Ne7 36. Re5 Kd6 37. Kd4 Rf7 38. Re6+ Kc7 39. d6+ 1-0